Ajara in Chalcolithic, Bronze and early Iron ages : (Record no. 421449)
[ view plain ]
| 000 -LEADER | |
|---|---|
| fixed length control field | 00961nam a22002777a 4500 |
| 003 - CONTROL NUMBER IDENTIFIER | |
| control field | AM-YeHGA |
| 005 - DATE AND TIME OF LATEST TRANSACTION | |
| control field | 20250617154849.0 |
| 008 - FIXED-LENGTH DATA ELEMENTS--GENERAL INFORMATION | |
| fixed length control field | 180212s2016 gs a|||| |||| 00| 0 geo d |
| 020 ## - INTERNATIONAL STANDARD BOOK NUMBER | |
| International Standard Book Number | 9789941095290 |
| 040 ## - CATALOGING SOURCE | |
| Original cataloging agency | AM-YeHGA |
| 041 0# - LANGUAGE CODE | |
| Language code of text/sound track or separate title | geo |
| -- | eng |
| 090 ## - LOCALLY ASSIGNED LC-TYPE CALL NUMBER (OCLC); LOCAL CALL NUMBER (RLIN) | |
| -- | 423856 |
| 100 1# - MAIN ENTRY--PERSONAL NAME | |
| Personal name | Kakhidze, Amiran |
| 245 10 - TITLE STATEMENT | |
| Title | Ajara in Chalcolithic, Bronze and early Iron ages : |
| Remainder of title | Catalogue / |
| Statement of responsibility, etc. | Amiran Kakhidze, Nargiz Surmanidze, Malkhaz Nagervadze; MInistry of Education, Culture and Sport of Ajara; Batumi Archaeological Museum. |
| 260 ## - PUBLICATION, DISTRIBUTION, ETC. | |
| Place of publication, distribution, etc. | Batumi : |
| Name of publisher, distributor, etc. | Publishing Color, |
| Date of publication, distribution, etc. | 2016. |
| 300 ## - PHYSICAL DESCRIPTION | |
| Extent | 136 p.: |
| Other physical details | ill. |
| 546 ## - LANGUAGE NOTE | |
| Language note | In Georgian, with summaries in English |
| 650 14 - SUBJECT ADDED ENTRY--TOPICAL TERM | |
| Topical term or geographic name entry element | Ajara |
| General subdivision | Antiquities |
| 650 14 - SUBJECT ADDED ENTRY--TOPICAL TERM | |
| Topical term or geographic name entry element | Bronze age |
| Geographic subdivision | Ajara |
| 650 14 - SUBJECT ADDED ENTRY--TOPICAL TERM | |
| Topical term or geographic name entry element | Iron age |
| Geographic subdivision | Ajara |
| 700 1# - ADDED ENTRY--PERSONAL NAME | |
| Personal name | Surmanidze, Nargiz |
| 700 1# - ADDED ENTRY--PERSONAL NAME | |
| Personal name | Nagervadze, Malkhaz |
| 710 2# - ADDED ENTRY--CORPORATE NAME | |
| Corporate name or jurisdiction name as entry element | MInistry of Education, Culture and Sport of Ajara |
| 710 2# - ADDED ENTRY--CORPORATE NAME | |
| Corporate name or jurisdiction name as entry element | Batumi Archaeological Museum |
| 942 ## - ADDED ENTRY ELEMENTS (KOHA) | |
| Source of classification or shelving scheme | Universal Decimal Classification |
| Koha item type | Գրքեր / Books |
| Withdrawn status | Lost status | Source of classification or shelving scheme | Damaged status | Not for loan | Collection | Home library | Current library | Date acquired | Total checkouts | Full call number | Barcode | Date last seen | Price effective from | Koha item type | Public note |
|---|---|---|---|---|---|---|---|---|---|---|---|---|---|---|---|
| Universal Decimal Classification | General | Fundamental Scientific Library | Fundamental Scientific Library | 12/02/2018 | И III/21885 | FL0479102 | 12/02/2018 | 12/02/2018 | Գրքեր / Books | 30 Days Loan | |||||
| Universal Decimal Classification | General | Fundamental Scientific Library | Fundamental Scientific Library | 12/02/2018 | И III/21884 | FL0479101 | 12/02/2018 | 12/02/2018 | Գրքեր / Books | 30 Days Loan |
ՀՀ Գիտությունների ազգային ակադեմիայի հիմնարար գիտական գրադարան = Fundamental Scientific Library of NAS RA
All site content, except where otherwise noted, is licensed under a